[Event "Remote 4 Seasons Summer-A email"]
[Site "Remote email"]
[Date "2014.07.15"]
[Round "?"]
[White "Raijmaekers, Kees"]
[Black "Leisebein, Peter"]
[Result "1/2-1/2"]
[WhiteElo "2442"]
[BlackElo "2455"]
[PlyCount "36"]
[EventDate "2014.??.??"]
[EventType "tourn (corr)"]
[EventRounds "9"]
[EventCountry "GER"]
[SourceTitle "Corr 2015"]
[Source "ChessBase"]
[SourceDate "2015.07.17"]
[SourceVersion "1"]
[SourceVersionDate "2015.07.17"]
[SourceQuality "1"]

1. e4 e5 2. Nf3 Nc6 3. Nc3 Nf6 4. d4 exd4 5. Nxd4 Bb4 6. Nxc6 bxc6 7. Bd3 d5 8. exd5 cxd5 9. a3 Bxc3+ 10. bxc3 0-0 11. 0-0 Qd6 12. Qf3 Ba6 13. Re1 Rfe8 14. Bg5 Rxe1+ 15. Rxe1 Bxd3 16. cxd3 Re8 17. Rxe8+ Nxe8 18. Qe3 Qc6 1/2-1/2

[Event "Remote S7 Top 77 email"]
[Site "Remote email"]
[Date "2014.05.28"]
[Round "?"]
[White "Spreemann, Ralf"]
[Black "Leisebein, Peter"]
[Result "1/2-1/2"]
[WhiteElo "2476"]
[BlackElo "2455"]
[PlyCount "55"]
[EventDate "2014.??.??"]
[EventType "tourn (corr)"]
[EventRounds "6"]
[EventCountry "GER"]
[SourceTitle "Corr 2015"]
[Source "ChessBase"]
[SourceDate "2015.07.17"]
[SourceVersion "1"]
[SourceVersionDate "2015.07.17"]
[SourceQuality "1"]

1. e4 e5 2. Nf3 Nc6 3. Bc4 Nf6 4. d3 Be7 5. 0-0 0-0 6. Re1 d6 7. a4 Be6 8. Nbd2 Qd7 9. c3 a6 10. a5 Rae8 11. Bb3 Bxb3 12. Qxb3 Nd8 13. Nf1 Ne6 14. Ng3 Nc5 15. Qc2 Qb5 16. Rd1 Nb3 17. Ra3 Nxc1 18. Rxc1 g6 19. h3 Qd7 20. b4 Rd8 21. c4 c6 22. Rb3 Rfe8 23. Qb2 Qe6 24. Re1 Bf8 25. Qc1 Bg7 26. Rb1 Qe7 27. Qg5 Rb8 28. Re2 1/2-1/2

[Event "Remote Easter Gr.D email"]
[Site "Remote email"]
[Date "2014.05.01"]
[Round "?"]
[White "Leisebein, Peter"]
[Black "Pieleck, Rudolf"]
[Result "1-0"]
[WhiteElo "2455"]
[BlackElo "1583"]
[PlyCount "51"]
[EventDate "2014.??.??"]
[EventType "tourn (corr)"]
[EventRounds "8"]
[EventCountry "GER"]
[SourceTitle "Corr 2015"]
[Source "ChessBase"]
[SourceDate "2015.07.17"]
[SourceVersion "1"]
[SourceVersionDate "2015.07.17"]
[SourceQuality "1"]

1. d4 Nf6 2. f3 d5 3. e4 e6 4. e5 Nfd7 5. f4 Be7 6. Nf3 c5 7. c3 0-0 8. Bd3 c4 9. Bc2 f5 10. exf6 Bxf6 11. 0-0 Nb6 12. Nbd2 Bd7 13. Ne5 Nc6 14. Qg4 Be8 15. Qxe6+ Bf7 16. Nxf7 Rxf7 17. Bxh7+ Kf8 18. Bg6 Re7 19. Qh3 Re2 20. Nf3 Ke7 21. Ne5 Bxe5 22. fxe5 Nxe5 23. Bg5+ Kd6 24. Bxd8 Rxd8 25. dxe5+ Rxe5 26. Qg3 1-0

[Event "Remote-ch Class2 Gr.B email"]
[Site "Remote email"]
[Date "2014.04.20"]
[Round "?"]
[White "Firsching, Guenter"]
[Black "Leisebein, Peter"]
[Result "1/2-1/2"]
[WhiteElo "2482"]
[BlackElo "2452"]
[PlyCount "32"]
[EventDate "2014.??.??"]
[EventType "tourn (corr)"]
[EventRounds "10"]
[EventCountry "GER"]
[SourceTitle "Corr 2015"]
[Source "ChessBase"]
[SourceDate "2015.07.17"]
[SourceVersion "1"]
[SourceVersionDate "2015.07.17"]
[SourceQuality "1"]

1. c4 e5 2. g3 Nf6 3. Bg2 d5 4. cxd5 Nxd5 5. Nf3 Nc6 6. 0-0 Nb6 7. Nc3 Be7 8. a3 0-0 9. b4 Be6 10. Rb1 f6 11. Re1 Nd4 12. Nxd4 exd4 13. Ne4 Bd5 14. e3 dxe3 15. dxe3 Ba2 16. Rb2 Qxd1 1/2-1/2

[Event "Remote 4 Seasons Spring email"]
[Site "Remote email"]
[Date "2014.04.15"]
[Round "?"]
[White "Leisebein, Peter"]
[Black "Doderer, Harald"]
[Result "1/2-1/2"]
[WhiteElo "2455"]
[BlackElo "2467"]
[PlyCount "57"]
[EventDate "2014.??.??"]
[EventType "tourn (corr)"]
[EventRounds "11"]
[EventCountry "GER"]
[SourceTitle "Corr 2015"]
[Source "ChessBase"]
[SourceDate "2015.07.17"]
[SourceVersion "1"]
[SourceVersionDate "2015.07.17"]
[SourceQuality "1"]

1. d4 Nf6 2. f3 d5 3. e4 dxe4 4. Nc3 exf3 5. Nxf3 g6 6. Bg5 Bg7 7. Qd2 0-0 8. 0-0-0 a6 9. h4 b5 10. Bh6 b4 11. Na4 Qd5 12. b3 Bxh6 13. Qxh6 Qh5 14. Qxh5 Nxh5 15. Bc4 Bg4 16. Rhe1 Bxf3 17. gxf3 Re8 18. Nc5 Nf6 19. Nd3 a5 20. Kb2 Kf8 21. a3 bxa3+ 22. Kxa3 e6 23. Ne5 Nbd7 24. Bb5 Nxe5 25. dxe5 Reb8 26. Bc4 Nh5 27. Rd7 c5 28. c3 Ng3 29. Ka4 1/2-1/2

[Event "Remote S7E Pro-178 email"]
[Site "Remote email"]
[Date "2014.03.18"]
[Round "?"]
[White "Leisebein, Peter"]
[Black "Ganz, Harry"]
[Result "1-0"]
[WhiteElo "2455"]
[BlackElo "2299"]
[PlyCount "65"]
[EventDate "2014.??.??"]
[EventType "tourn (corr)"]
[EventRounds "6"]
[EventCountry "GER"]
[SourceTitle "Corr 2015"]
[Source "ChessBase"]
[SourceDate "2015.07.17"]
[SourceVersion "1"]
[SourceVersionDate "2015.07.17"]
[SourceQuality "1"]

1. d4 c6 2. e4 d5 3. e5 Bf5 4. h4 h5 5. Bd3 Bxd3 6. Qxd3 e6 7. Nf3 Ne7 8. Bg5 Qb6 9. Nbd2 Nf5 10. 0-0 Qa6 11. Qc3 Nd7 12. b4 b6 13. Qb3 c5 14. dxc5 bxc5 15. c4 d4 16. a3 Qc6 17. Rad1 a6 18. Qd3 Rc8 19. Rfe1 Qc7 20. Nb3 a5 21. b5 a4 22. Nc1 Be7 23. g3 Qb7 24. Rd2 Bxg5 25. Nxg5 Kf8 26. Qe2 Rh6 27. Rc2 Kg8 28. Nd3 Qb6 29. Rb2 Kf8 30. Qd1 Ra8 31. Qf3 Rc8 32. Nf4 g6 33. Nd5 1-0

[Event "Remote Easter qual email"]
[Site "Remote email"]
[Date "2014.03.15"]
[Round "?"]
[White "Leisebein, Peter"]
[Black "Spreemann, Ralf"]
[Result "0-1"]
[WhiteElo "2452"]
[BlackElo "2460"]
[PlyCount "84"]
[EventDate "2014.??.??"]
[EventType "tourn (corr)"]
[EventRounds "8"]
[EventCountry "GER"]
[SourceTitle "Corr 2015"]
[Source "ChessBase"]
[SourceDate "2015.07.17"]
[SourceVersion "1"]
[SourceVersionDate "2015.07.17"]
[SourceQuality "1"]

1. d4 f5 2. e4 fxe4 3. Nc3 Nf6 4. f3 d5 5. fxe4 dxe4 6. Bg5 Bf5 7. Bc4 Nc6 8. Nge2 e6 9. Bxe6 Bxe6 10. d5 h6 11. Bxf6 Qxf6 12. dxc6 bxc6 13. Rf1 Qg5 14. Nxe4 Qe5 15. Qd4 Qxd4 16. Nxd4 Bd5 17. 0-0-0 0-0-0 18. Rde1 Re8 19. Nd2 Rxe1+ 20. Rxe1 Bxg2 21. Re2 Bh1 22. Nf5 Bd5 23. Ne7+ Kd8 24. Ng6 Rg8 25. c4 Bf7 26. Nxf8 Rxf8 27. Kc2 Bh5 28. Rg2 g5 29. Kc3 Ke7 30. Rg3 Kf6 31. b4 Re8 32. Nb3 g4 33. Kd2 Kg5 34. Nd4 Re4 35. Ne2 Bf7 36. Ra3 Bxc4 37. Ra5+ Bd5 38. a3 a6 39. Nc3 Rf4 40. Nxd5 cxd5 41. Ke1 Rf3 42. Rxd5+ Kh4 0-1

[Event "Remote Easter qual email"]
[Site "Remote email"]
[Date "2014.03.15"]
[Round "?"]
[White "Milde, Lars"]
[Black "Leisebein, Peter"]
[Result "1/2-1/2"]
[WhiteElo "2368"]
[BlackElo "2452"]
[PlyCount "46"]
[EventDate "2014.??.??"]
[EventType "tourn (corr)"]
[EventRounds "8"]
[EventCountry "GER"]
[SourceTitle "Corr 2015"]
[Source "ChessBase"]
[SourceDate "2015.07.17"]
[SourceVersion "1"]
[SourceVersionDate "2015.07.17"]
[SourceQuality "1"]

1. e4 e5 2. Nf3 Nc6 3. Bb5 f5 4. d3 fxe4 5. dxe4 Nf6 6. Qd3 a6 7. Ba4 Bc5 8. 0-0 d6 9. Nc3 0-0 10. Bxc6 bxc6 11. Qc4+ Kh8 12. Nxe5 Qe8 13. Nd3 Ng4 14. Bf4 Bxf2+ 15. Nxf2 Rxf4 16. Nxg4 Be6 17. Qd3 Rxg4 18. Rf3 h6 19. Raf1 a5 20. b3 Qe7 21. R1f2 Bg8 22. h3 Rg5 23. Rf5 Re8 1/2-1/2

[Event "Remote Easter qual email"]
[Site "Remote email"]
[Date "2014.03.15"]
[Round "?"]
[White "Zidu, Jan"]
[Black "Leisebein, Peter"]
[Result "1/2-1/2"]
[WhiteElo "2533"]
[BlackElo "2452"]
[PlyCount "51"]
[EventDate "2014.??.??"]
[EventType "tourn (corr)"]
[EventRounds "8"]
[EventCountry "GER"]
[SourceTitle "Corr 2015"]
[Source "ChessBase"]
[SourceDate "2015.07.17"]
[SourceVersion "1"]
[SourceVersionDate "2015.07.17"]
[SourceQuality "1"]

1. e4 e5 2. Nf3 Nc6 3. Bc4 Nf6 4. d3 Be7 5. 0-0 0-0 6. Re1 d6 7. a4 Bg4 8. h3 Bh5 9. c3 d5 10. exd5 Nxd5 11. a5 Rb8 12. Nbd2 f6 13. Nf1 Kh8 14. Ng3 Bf7 15. Bd2 Re8 16. b4 Bf8 17. Qb3 Qd7 18. b5 Nce7 19. Ne4 b6 20. d4 Ng6 21. Rad1 exd4 22. Bc1 Ne5 23. Nxe5 Rxe5 24. cxd4 Ree8 25. Bd2 Re7 26. Rc1 1/2-1/2

[Event "Remote S7E Pro-177 email"]
[Site "Remote email"]
[Date "2014.02.28"]
[Round "?"]
[White "Leisebein, Peter"]
[Black "Ganz, Harry"]
[Result "1-0"]
[WhiteElo "2455"]
[BlackElo "2299"]
[PlyCount "79"]
[EventDate "2014.??.??"]
[EventType "tourn (corr)"]
[EventRounds "6"]
[EventCountry "GER"]
[SourceTitle "Corr 2015"]
[Source "ChessBase"]
[SourceDate "2015.07.17"]
[SourceVersion "1"]
[SourceVersionDate "2015.07.17"]
[SourceQuality "1"]

1. d4 Nf6 2. f3 d5 3. e4 e6 4. e5 Ng8 5. c3 c5 6. f4 Nc6 7. Nf3 Nh6 8. Be3 Qb6 9. Qd2 Bd7 10. dxc5 Bxc5 11. Bxc5 Qxc5 12. Na3 0-0 13. Nc2 f6 14. exf6 Rxf6 15. g3 a5 16. Bh3 Nf7 17. 0-0-0 Rh6 18. Bg4 Nd6 19. Rhe1 Ne4 20. Qe3 Rf8 21. Qxc5 Nxc5 22. Ncd4 Nxd4 23. Rxd4 Be8 24. Re3 Rhf6 25. b3 h6 26. Kb2 Bc6 27. c4 Kh7 28. a3 dxc4 29. Rxc4 b6 30. Ne5 Bd5 31. Rd4 Rd8 32. Bd1 Kg8 33. Bc2 Nd7 34. Ng6 Nf8 35. Ne5 Nd7 36. Ng6 Nf8 37. Ne7+ Kf7 38. Nc6 Rd6 39. Ne5+ Ke7 40. b4 1-0

[Event "Remote S7E Pro email"]
[Site "Remote email"]
[Date "2014.02.22"]
[Round "?"]
[White "Leisebein, Peter"]
[Black "Dammer, Axel"]
[Result "1-0"]
[WhiteElo "2452"]
[BlackElo "2401"]
[PlyCount "73"]
[EventDate "2014.??.??"]
[EventType "tourn (corr)"]
[EventRounds "6"]
[EventCountry "GER"]
[SourceTitle "Corr 2015"]
[Source "ChessBase"]
[SourceDate "2015.07.17"]
[SourceVersion "1"]
[SourceVersionDate "2015.07.17"]
[SourceQuality "1"]

1. d4 Nf6 2. f3 d5 3. e4 dxe4 4. Nc3 exf3 5. Nxf3 Bf5 6. Ne5 e6 7. g4 Ne4 8. gxf5 Qh4+ 9. Ke2 Nc6 10. Nxc6 Nxc3+ 11. bxc3 Qe4+ 12. Kf2 Qxh1 13. Na5 Qd5 14. fxe6 fxe6 15. Nc4 Bd6 16. Kg1 0-0 17. Nxd6 Qxd6 18. Bd3 Rf7 19. Rb1 Raf8 20. Rxb7 Qc6 21. Rb3 e5 22. Qg4 e4 23. Bb5 Qf6 24. Be3 Kh8 25. d5 Re7 26. Be2 c6 27. c4 Rg8 28. Kg2 Ree8 29. Bg5 Qf7 30. d6 Re5 31. Bf4 Ra5 32. Bg3 h5 33. Qxe4 Re8 34. Qd3 h4 35. Bxh4 Qd7 36. Be7 Kg8 37. Qg6 1-0

[Event "Remote S7E High-153 email"]
[Site "Remote email"]
[Date "2014.02.12"]
[Round "?"]
[White "Faber, Hans Alban"]
[Black "Leisebein, Peter"]
[Result "1/2-1/2"]
[WhiteElo "2502"]
[BlackElo "2452"]
[PlyCount "48"]
[EventDate "2014.??.??"]
[EventType "tourn (corr)"]
[EventRounds "6"]
[EventCountry "GER"]
[SourceTitle "Corr 2015"]
[Source "ChessBase"]
[SourceDate "2015.07.17"]
[SourceVersion "1"]
[SourceVersionDate "2015.07.17"]
[SourceQuality "1"]

1. e4 e5 2. Nf3 Nc6 3. Bb5 f5 4. Nc3 fxe4 5. Nxe4 d5 6. Nxe5 dxe4 7. Nxc6 Qg5 8. Qe2 Nf6 9. f4 Qxf4 10. Nxa7+ Bd7 11. Bxd7+ Kxd7 12. Qb5+ Ke6 13. Qxb7 Bd6 14. Qb3+ Kd7 15. Qf7+ Kd8 16. Nc6+ Kc8 17. Ne7+ Bxe7 18. Qxe7 Re8 19. Qc5 Ra6 20. Qf2 Qxf2+ 21. Kxf2 Nd5 22. Rf1 Nb4 23. c3 Nc2 24. Rb1 Rxa2 1/2-1/2

[Event "Remote S7E Pro email"]
[Site "Remote email"]
[Date "2014.02.10"]
[Round "?"]
[White "Leisebein, Peter"]
[Black "Dammer, Axel"]
[Result "1/2-1/2"]
[WhiteElo "2452"]
[BlackElo "2401"]
[PlyCount "53"]
[EventDate "2014.??.??"]
[EventType "tourn (corr)"]
[EventRounds "6"]
[EventCountry "GER"]
[SourceTitle "Corr 2015"]
[Source "ChessBase"]
[SourceDate "2015.07.17"]
[SourceVersion "1"]
[SourceVersionDate "2015.07.17"]
[SourceQuality "1"]

1. d4 Nf6 2. f3 d5 3. e4 dxe4 4. Nc3 exf3 5. Nxf3 Bf5 6. Ne5 e6 7. g4 Bg6 8. Qf3 c6 9. g5 Qxd4 10. Nxg6 hxg6 11. gxf6 Qh4+ 12. Qf2 Qxf2+ 13. Kxf2 gxf6 14. Bd2 Nd7 15. Kg2 f5 16. Be2 Be7 17. Rad1 e5 18. a4 0-0-0 19. h4 Kc7 20. Bc4 Rh7 21. Bg5 Nb6 22. Bxe7 Rxd1 23. Nxd1 Nxc4 24. b3 Kd7 25. Bc5 b6 26. Bf2 Nd6 27. Nc3 1/2-1/2

[Event "Remote S7E Pro-174 email"]
[Site "Remote email"]
[Date "2014.01.29"]
[Round "?"]
[White "Leisebein, Peter"]
[Black "Schatz, Hans Dieter"]
[Result "1-0"]
[WhiteElo "2455"]
[BlackElo "2302"]
[PlyCount "109"]
[EventDate "2014.??.??"]
[EventType "tourn (corr)"]
[EventRounds "6"]
[EventCountry "GER"]
[SourceTitle "Corr 2015"]
[Source "ChessBase"]
[SourceDate "2015.07.17"]
[SourceVersion "1"]
[SourceVersionDate "2015.07.17"]
[SourceQuality "1"]

1. d4 e6 2. e4 d5 3. Nc3 Bb4 4. e5 c5 5. a3 Bxc3+ 6. bxc3 Ne7 7. Qg4 0-0 8. Bd3 Qa5 9. Bd2 Nbc6 10. Nf3 f5 11. exf6 Rxf6 12. Qh5 Nf5 13. c4 Qa4 14. g4 dxc4 15. Be4 Ncxd4 16. gxf5 Nxc2+ 17. Kf1 c3 18. Bxc3 Qxe4 19. Bxf6 Bd7 20. Rg1 Bb5+ 21. Kg2 Rf8 22. Rad1 Rxf6 23. Rd8+ Rf8 24. Rxf8+ Kxf8 25. fxe6 Qg6+ 26. Qxg6 hxg6 27. Kg3 Nxa3 28. Kf4 Be8 29. Rg5 b6 30. Ke5 Ke7 31. Rg3 b5 32. Kd5 b4 33. Kxc5 a5 34. Nd4 Nb1 35. f3 Nc3 36. Kc4 Kf6 37. Rh3 Na2 38. Rh8 Ke7 39. Rg8 a4 40. Rxg7+ Kf6 41. Rb7 b3 42. h4 Nc1 43. Rb8 Ke7 44. Kc3 a3 45. Ra8 g5 46. h5 b2 47. Kc2 Bxh5 48. Rxa3 Bg6+ 49. Kxb2 Nd3+ 50. Kc3 Nf4 51. Kc4 Kd6 52. Ra6+ Ke7 53. Kc3 Nd5+ 54. Kc4 Nf4 55. Rb6 1-0

[Event "Remote S7E Pro email"]
[Site "Remote email"]
[Date "2014.01.29"]
[Round "?"]
[White "Leisebein, Peter"]
[Black "Schilling, Frank"]
[Result "1/2-1/2"]
[WhiteElo "2452"]
[BlackElo "2446"]
[PlyCount "53"]
[EventDate "2014.??.??"]
[EventType "tourn (corr)"]
[EventRounds "6"]
[EventCountry "GER"]
[SourceTitle "Corr 2015"]
[Source "ChessBase"]
[SourceDate "2015.07.17"]
[SourceVersion "1"]
[SourceVersionDate "2015.07.17"]
[SourceQuality "1"]

1. d4 Nf6 2. f3 d5 3. e4 dxe4 4. Nc3 exf3 5. Nxf3 c6 6. Bd3 Bg4 7. Be3 e6 8. h3 Bh5 9. Qe2 Bb4 10. 0-0 Nbd7 11. Qe1 Bg6 12. Bxg6 hxg6 13. a3 Bxc3 14. Qxc3 Nd5 15. Qd3 Nxe3 16. Qxe3 Rh5 17. Rae1 Qe7 18. c4 Qd6 19. Ng5 Nf6 20. c5 Qd7 21. b4 Rd8 22. g4 Rh8 23. Rd1 Qd5 24. Rd3 Kf8 25. Qf4 Rh4 26. Rf2 Rd7 27. Qb8+ 1/2-1/2

[Event "Remote S7 Top 76 email"]
[Site "Remote email"]
[Date "2014.01.23"]
[Round "?"]
[White "Leisebein, Peter"]
[Black "Rheinstaedtler, Klaus"]
[Result "1/2-1/2"]
[WhiteElo "2453"]
[BlackElo "2412"]
[PlyCount "43"]
[EventDate "2014.??.??"]
[EventType "tourn (corr)"]
[EventRounds "6"]
[EventCountry "GER"]
[SourceTitle "Corr 2015"]
[Source "ChessBase"]
[SourceDate "2015.07.17"]
[SourceVersion "1"]
[SourceVersionDate "2015.07.17"]
[SourceQuality "1"]

1. d4 e6 2. e4 d5 3. Nc3 Nf6 4. Bg5 dxe4 5. Nxe4 Be7 6. Bxf6 Bxf6 7. Nf3 0-0 8. Qd2 Nd7 9. 0-0-0 b6 10. Bd3 Bb7 11. h4 c5 12. Nfg5 Qe7 13. Nxh7 Rfd8 14. Nhxf6+ Nxf6 15. Nxf6+ Qxf6 16. dxc5 Bxg2 17. Rhg1 Bf3 18. Rde1 bxc5 19. Qg5 Qxg5+ 20. Rxg5 c4 21. Bxc4 Rd4 22. Be2 1/2-1/2

[Event "Remote 4 Seasons Winter-A email"]
[Site "Remote email"]
[Date "2014.01.15"]
[Round "?"]
[White "Dietrich, Udo"]
[Black "Leisebein, Peter"]
[Result "1/2-1/2"]
[WhiteElo "2434"]
[BlackElo "2453"]
[PlyCount "36"]
[EventDate "2014.??.??"]
[EventType "tourn (corr)"]
[EventRounds "12"]
[EventCountry "GER"]
[SourceTitle "Corr 2015"]
[Source "ChessBase"]
[SourceDate "2015.07.17"]
[SourceVersion "1"]
[SourceVersionDate "2015.07.17"]
[SourceQuality "1"]

1. c4 e5 2. Nc3 Nf6 3. e3 Nc6 4. Nf3 Bb4 5. Qc2 Bxc3 6. Qxc3 Qe7 7. a3 d5 8. d4 exd4 9. Nxd4 Nxd4 10. Qxd4 0-0 11. Bd2 c5 12. Qh4 dxc4 13. Bxc4 Be6 14. Be2 Rad8 15. Bc3 Bb3 16. Bxf6 Qxf6 17. Qxf6 gxf6 18. Rc1 c4 1/2-1/2

[Event "Remote 4 Seasons Winter-A email"]
[Site "Remote email"]
[Date "2014.01.15"]
[Round "?"]
[White "Faber, Hans Alban"]
[Black "Leisebein, Peter"]
[Result "1/2-1/2"]
[WhiteElo "2502"]
[BlackElo "2452"]
[PlyCount "50"]
[EventDate "2014.??.??"]
[EventType "tourn (corr)"]
[EventRounds "12"]
[EventCountry "GER"]
[SourceTitle "Corr 2015"]
[Source "ChessBase"]
[SourceDate "2015.07.17"]
[SourceVersion "1"]
[SourceVersionDate "2015.07.17"]
[SourceQuality "1"]

1. e4 e5 2. Nf3 Nc6 3. Bb5 f5 4. Nc3 fxe4 5. Nxe4 d5 6. Nxe5 dxe4 7. Nxc6 Qg5 8. Nd4+ c6 9. Bf1 Qg6 10. d3 Bg4 11. f3 exf3 12. gxf3 Bd7 13. Qe2+ Be7 14. Bd2 Qf7 15. Qe5 Nf6 16. 0-0-0 0-0 17. Nb3 Nd5 18. c4 Bf6 19. Qg3 Ne7 20. Nc5 Nf5 21. Qc7 Rad8 22. Bh3 Qe7 23. Nxd7 Rxd7 24. Qf4 Be5 25. Qg5 Bf6 1/2-1/2

[Event "Remote 4 Seasons Winter-A email"]
[Site "Remote email"]
[Date "2014.01.15"]
[Round "?"]
[White "Leisebein, Peter"]
[Black "Scherer, Andreas"]
[Result "0-1"]
[WhiteElo "2452"]
[BlackElo "2538"]
[PlyCount "88"]
[EventDate "2014.??.??"]
[EventType "tourn (corr)"]
[EventRounds "12"]
[EventCountry "GER"]
[SourceTitle "Corr 2015"]
[Source "ChessBase"]
[SourceDate "2015.07.17"]
[SourceVersion "1"]
[SourceVersionDate "2015.07.17"]
[SourceQuality "1"]

1. d4 d5 2. e4 dxe4 3. Nc3 Nf6 4. f3 exf3 5. Nxf3 g6 6. Bg5 Bg7 7. Qd2 0-0 8. 0-0-0 c5 9. d5 a6 10. Bh6 Nbd7 11. Bxg7 Kxg7 12. Rg1 b5 13. g4 Nb6 14. g5 Nh5 15. Ne4 Bf5 16. Nxc5 Qd6 17. Qd4+ Kg8 18. Nh4 Rac8 19. Nxf5 gxf5 20. Nd3 Nxd5 21. Rg2 Rfd8 22. Rgd2 Qc7 23. Qe5 Rd7 24. Kb1 e6 25. c3 Qxe5 26. Nxe5 Rdc7 27. Be2 Nhf4 28. Bf3 Rb8 29. Rd4 Kg7 30. h4 h6 31. gxh6+ Kxh6 32. Rg1 f6 33. Nd3 Nxd3 34. Rxd3 Nb6 35. Be2 Rd7 36. Rxd7 Nxd7 37. Kc2 e5 38. Rd1 Nc5 39. Rd6 Ne4 40. Rxa6 Ng3 41. Kd2 Kg6 42. Ra5 Nxe2 43. Kxe2 f4 44. b3 Rh8 0-1

[Event "Remote S7E Pro-173 email"]
[Site "Remote email"]
[Date "2013.12.30"]
[Round "?"]
[White "Traut, Gerhard"]
[Black "Leisebein, Peter"]
[Result "1/2-1/2"]
[WhiteElo "2294"]
[BlackElo "2453"]
[PlyCount "57"]
[EventDate "2013.??.??"]
[EventType "tourn (corr)"]
[EventRounds "6"]
[EventCountry "GER"]
[SourceTitle "Corr 2015"]
[Source "ChessBase"]
[SourceDate "2015.07.17"]
[SourceVersion "1"]
[SourceVersionDate "2015.07.17"]
[SourceQuality "1"]

1. e4 e5 2. Nf3 Nc6 3. Bb5 f5 4. Nc3 fxe4 5. Nxe4 d5 6. Nxe5 dxe4 7. Nxc6 Qg5 8. Qe2 Nf6 9. f4 Qxf4 10. Nxa7+ Bd7 11. Bxd7+ Kxd7 12. Qb5+ Ke6 13. Qxb7 Bd6 14. Qb3+ Kd7 15. Qf7+ Kd8 16. Nc6+ Kc8 17. Ne7+ Bxe7 18. Qxe7 Re8 19. Qc5 Ra6 20. g3 Qf3 21. Rf1 Qg2 22. Qf2 Qh3 23. Qf5+ Qxf5 24. Rxf5 Ng4 25. h3 Ne5 26. Kd1 Rg6 27. g4 Rd6 28. a4 e3 29. d4 1/2-1/2

[Event "Remote S7E High-152 email"]
[Site "Remote email"]
[Date "2013.12.26"]
[Round "?"]
[White "Leisebein, Peter"]
[Black "Wittal, Werner"]
[Result "1/2-1/2"]
[WhiteElo "2453"]
[BlackElo "2330"]
[PlyCount "49"]
[EventDate "2013.??.??"]
[EventType "tourn (corr)"]
[EventRounds "6"]
[EventCountry "GER"]
[SourceTitle "Corr 2015"]
[Source "ChessBase"]
[SourceDate "2015.07.17"]
[SourceVersion "1"]
[SourceVersionDate "2015.07.17"]
[SourceQuality "1"]

1. d4 Nf6 2. f3 d5 3. e4 dxe4 4. Nc3 exf3 5. Nxf3 c6 6. Bd3 Bg4 7. Be3 e6 8. h3 Bh5 9. Qe2 Nd5 10. Nxd5 cxd5 11. 0-0-0 Bd6 12. g4 Bg6 13. Bxg6 hxg6 14. Ng5 Qd7 15. Rdf1 f6 16. Qd3 0-0 17. Nf3 Nc6 18. Qxg6 Qe8 19. Qxe8 Raxe8 20. g5 Ne7 21. gxf6 Rxf6 22. Bg5 Rf7 23. Nh4 Nf5 24. Nxf5 exf5 25. Kd2 1/2-1/2

[Event "Remote S7E High-152 email"]
[Site "Remote email"]
[Date "2013.12.26"]
[Round "?"]
[White "Rheinstaedtler, Klaus"]
[Black "Leisebein, Peter"]
[Result "1/2-1/2"]
[WhiteElo "2412"]
[BlackElo "2453"]
[PlyCount "60"]
[EventDate "2013.??.??"]
[EventType "tourn (corr)"]
[EventRounds "6"]
[EventCountry "GER"]
[SourceTitle "Corr 2015"]
[Source "ChessBase"]
[SourceDate "2015.07.17"]
[SourceVersion "1"]
[SourceVersionDate "2015.07.17"]
[SourceQuality "1"]

1. e4 e5 2. Nf3 Nc6 3. Bb5 f5 4. Nc3 fxe4 5. Nxe4 d5 6. Nxe5 dxe4 7. Nxc6 Qg5 8. Qe2 Nf6 9. f4 Qxf4 10. d4 Qd6 11. Ne5+ c6 12. Bc4 Be6 13. c3 Be7 14. 0-0 0-0 15. Bf4 Bxc4 16. Nxc4 Qe6 17. Rae1 c5 18. Be5 Nd7 19. Rxf8+ Rxf8 20. a4 h6 21. a5 b5 22. Nd2 Nxe5 23. dxe5 Rd8 24. Nxe4 c4 25. Nd2 Rd3 26. Nf3 b4 27. Qe4 Bc5+ 28. Kh1 bxc3 29. bxc3 Rxc3 30. Nd4 Bxd4 1/2-1/2

[Event "Remote S7E Pro-172 email"]
[Site "Remote email"]
[Date "2013.12.08"]
[Round "?"]
[White "Leisebein, Peter"]
[Black "Krause, Peter"]
[Result "1/2-1/2"]
[WhiteElo "2452"]
[BlackElo "2472"]
[PlyCount "113"]
[EventDate "2013.??.??"]
[EventType "tourn (corr)"]
[EventRounds "6"]
[EventCountry "GER"]
[SourceTitle "Corr 2015"]
[Source "ChessBase"]
[SourceDate "2015.07.17"]
[SourceVersion "1"]
[SourceVersionDate "2015.07.17"]
[SourceQuality "1"]

1. d4 Nf6 2. f3 d5 3. e4 dxe4 4. Nc3 exf3 5. Nxf3 e6 6. Bg5 Be7 7. Bd3 Nc6 8. a3 h6 9. Be3 Ng4 10. Bg1 0-0 11. h3 Nf6 12. Qd2 Nd5 13. 0-0-0 Nxc3 14. Qxc3 Qd5 15. Qe1 f5 16. c4 Qa5 17. Bf2 Bf6 18. Qe2 Bd7 19. g4 Rad8 20. Kb1 Bc8 21. Be1 Qa4 22. Bc2 Qa6 23. Bc3 Ne7 24. Bb4 Nc6 25. Bxf8 Kxf8 26. Rhe1 fxg4 27. hxg4 Nxd4 28. Nxd4 Rxd4 29. Rxd4 Bxd4 30. g5 hxg5 31. Qh2 Bd7 32. Qh8+ Ke7 33. Rf1 Bf6 34. Rxf6 gxf6 35. Qg7+ Kd6 36. Qf8+ Ke5 37. Qc5+ Kf4 38. Qxc7+ e5 39. Qxd7 Qxc4 40. Qd2+ Kf3 41. Bd1+ Kg3 42. Qe3+ Kh2 43. Qf2+ Kh3 44. Qxf6 Qf4 45. Qe7 Qd4 46. Bc2 g4 47. Qxb7 Kg3 48. Qe4 Kf2 49. Qh1 g3 50. Be4 Ke2 51. Qf3+ Kd2 52. Bg6 Qg1+ 53. Ka2 Qe3 54. Qg2+ Qf2 55. Qd5+ Qd4 56. Qg2+ Qf2 57. Qd5+ 1/2-1/2

[Event "Remote S7E Pro-172 email"]
[Site "Remote email"]
[Date "2013.12.08"]
[Round "?"]
[White "Leisebein, Peter"]
[Black "Schatz, Hans Dieter"]
[Result "1/2-1/2"]
[WhiteElo "2453"]
[BlackElo "2331"]
[PlyCount "61"]
[EventDate "2013.??.??"]
[EventType "tourn (corr)"]
[EventRounds "6"]
[EventCountry "GER"]
[SourceTitle "Corr 2015"]
[Source "ChessBase"]
[SourceDate "2015.07.17"]
[SourceVersion "1"]
[SourceVersionDate "2015.07.17"]
[SourceQuality "1"]

1. d4 e6 2. e4 d5 3. Nc3 Bb4 4. e5 c5 5. a3 Bxc3+ 6. bxc3 Ne7 7. Nf3 Qa5 8. Bd2 c4 9. Be2 Nd7 10. 0-0 Nb6 11. Ng5 h6 12. Nh3 Bd7 13. Bg4 0-0-0 14. Nf4 g6 15. a4 Nxa4 16. Ra2 h5 17. Bf3 Nf5 18. Nh3 Kb8 19. Ng5 Rdf8 20. Qe2 Bc6 21. Rfa1 b5 22. Qe1 Ka8 23. g3 Qc7 24. Bc1 Rb8 25. Bg2 Rb7 26. h3 Qd7 27. Ba3 Qd8 28. h4 Qd7 29. Rb1 a5 30. Qd2 Qc7 31. Bh3 1/2-1/2